000
00490nam a2200181Ia 4500
008
090123s9999 xx 000 0 und d
082
_b
15881
100
_a
हैलन
245
_a
खतरनाक जोगिन
250
_a
0
260
_b
कंचन पॉकेट बुक्स
300
_a
152
600
_a
हैलन
630
_a
खतरनाक जोगिन
700
_a
हैलन
730
_a
खतरनाक जोगिन
942
_c
BOOK
999
_c
53942
_d
53942